Oposiciones Escuela General de Policía (Record no. 40679)

MARC details
000 -LEADER
campo de control de longitud fija 00576nam a2200169 i 4500
001 - NÚMERO DE CONTROL
campo de control 40679
003 - IDENTIFICADOR DE NÚMERO DE CONTROL
campo de control ES-MaACL
005 - FECHA Y HORA DE LA ÚLTIMA TRANSACCIÓN
campo de control 20230906160304.0
007 - CAMPO FIJO DE DESCRIPCIÓN FÍSICA--INFORMACIÓN GENERAL
campo de control de longitud fija t|
008 - DATOS DE LONGITUD FIJA--INFORMACIÓN GENERAL
campo de control de longitud fija 030306s1971 sp ||||1| spa d
100 1# - ENTRADA PRINCIPAL--NOMBRE DE PERSONA
Nombre de persona Carrera y del Castillo, Nicolás de la.
9 (RLIN) 35646
245 10 - MENCIÓN DEL TÍTULO
Título Oposiciones Escuela General de Policía
Resto del título : apuntes a los temas del tercer ejercicio /
Mención de responsabilidad, etc. Nicolás de la Carrera y del Castillo.
260 ## - PUBLICACIÓN, DISTRIBUCIÓN, ETC.
Lugar de publicación, distribución, etc. Madrid :
Nombre del editor, distribuidor, etc. [s.n.],
Fecha de publicación, distribución, etc. 1971.
300 ## - DESCRIPCIÓN FÍSICA
Extensión 354 p. ;
Dimensiones 24 cm.
500 ## - NOTA GENERAL
Nota general Con apéndice a las ediciones 1970-1971.
852 ## - LOCALIZACIÓN
Ubicación ES-MaACL
Número de control de estantería C-43515
Sublocalización o colección R.80335
Holdings
Estatus retirado Estado de pérdida Estado de daño No para préstamo Biblioteca de origen Biblioteca actual Ubicación en estantería Fecha de adquisición Fuente de adquisición Total de préstamos Signatura topográfica completa Código de barras Visto por última vez Precio de reemplazo Tipo de ítem Koha
        Biblioteca del Ateneo de Madrid Biblioteca del Ateneo de Madrid Depósito 2 17/01/2008     C-43515 1042827 23/02/2023 23/02/2023 Libro impreso